Business cycles : (Record no. 18890)
[ view plain ]
| 000 -LEADER | |
|---|---|
| fixed length control field | 00920nam a22002891 4500 |
| 001 - CONTROL NUMBER | |
| control field | 18890 |
| 003 - CONTROL NUMBER IDENTIFIER | |
| rucl marc code | BD-RjUL |
| 005 - DATE AND TIME OF LATEST TRANSACTION | |
| control field | 20211209000342.0 |
| 008 - FIXED-LENGTH DATA ELEMENTS--GENERAL INFORMATION | |
| fixed length control field | 140222s1939 nyua 000 0 eng d |
| 035 ## - SYSTEM CONTROL NUMBER | |
| System control number | (BD-RjUL)18948 |
| System control number | (OCoLC)170692 |
| 040 ## - CATALOGING SOURCE | |
| Original cataloging agency | DLC |
| Transcribing agency | ODaWU |
| Modifying agency | OCoLC |
| -- | DLC |
| -- | BD-RjUL |
| Language of cataloging | eng |
| 041 ## - LANGUAGE CODE | |
| Language code of text/sound track or separate title | eng |
| 082 00 - DEWEY DECIMAL CLASSIFICATION NUMBER | |
| Classification number | 330.1 |
| Author mark and year | SCB V-1 1939 |
| 100 1# - MAIN ENTRY--PERSONAL NAME | |
| Personal name | Schumpeter, Joseph A., |
| Dates associated with a name | 1883-1950. |
| 9 (RLIN) | 7066 |
| 245 10 - TITLE STATEMENT | |
| Title | Business cycles : |
| Remainder of title | a theoretical, historical, and statistical analysis of the capitalist process / |
| Statement of responsibility, etc. | by Joseph A. Schumpeter. |
| 250 ## - EDITION STATEMENT | |
| Edition statement | 1st ed. |
| 260 ## - PUBLICATION, DISTRIBUTION, ETC. (IMPRINT) | |
| Place of publication, distribution, etc. | New York ; |
| -- | London : |
| Name of publisher, distributor, etc. | McGraw-Hill Book Company, inc., |
| Date of publication, distribution, etc. | 1939. |
| 300 ## - PHYSICAL DESCRIPTION | |
| Pagination | xvi, 448 p. ; |
| Size | 23 cm. |
| 500 ## - GENERAL NOTE | |
| General note | Paged continuously. |
| 505 0# - FORMATTED CONTENTS NOTE | |
| Formatted contents note | vol 1 and 2. |
| 650 #0 - SUBJECT ADDED ENTRY--TOPICAL TERM | |
| Topical term or geographic name as entry element | Business cycles. |
| 9 (RLIN) | 58260 |
| Topical term or geographic name as entry element | Economics. |
| 9 (RLIN) | 58261 |
| Topical term or geographic name as entry element | Economic history. |
| 9 (RLIN) | 58262 |
| 942 ## - ADDED ENTRY ELEMENTS (KOHA) | |
| Source of classification or shelving scheme | Dewey Decimal Classification |
| Koha item type | Books |
| Lost status | Source of classification or shelving scheme | Damaged status | Not for loan | Collection code | Permanent Location | Current Location | Shelving location | Date acquired | Source of acquisition | Cost, normal purchase price | Total Checkouts | Full call number | Date last seen | Copy number | Koha item type |
|---|---|---|---|---|---|---|---|---|---|---|---|---|---|---|---|
| Dewey Decimal Classification | Non-fiction | Central Library, University of Rajshahi | Central Library, University of Rajshahi | 09/11/1961 | N/A | 0.00 | 330.1 SCB V-1 1939 | 22/02/2014 | C-3 | Books | |||||
| Dewey Decimal Classification | Non-fiction | Central Library, University of Rajshahi | Central Library, University of Rajshahi | 09/11/1955 | Chawdhury Publication, Dhaka | 30.00 | 330.1 SCB V-2 1939 | 25/07/2016 | C-2 | Books | |||||
| Dewey Decimal Classification | Non-fiction | Central Library, University of Rajshahi | Central Library, University of Rajshahi | 09/11/1961 | Chawdhury Publication, Dhaka | 30.00 | 330.1 SCB V-1 1939 | 25/07/2016 | C-2 | Books | |||||
| Dewey Decimal Classification | Non-fiction | Central Library, University of Rajshahi | Central Library, University of Rajshahi | 28/01/1963 | Zeitlinger | 66.00 | 330.1 SCB V-1 1939 | 25/07/2016 | C-4 | Books | |||||
| Dewey Decimal Classification | Non-fiction | Central Library, University of Rajshahi | Central Library, University of Rajshahi | 15/11/1965 | Zeitlinger | 144.00 | 330.1 SCB V-2 1939 | 01/09/2016 | C-3 | Books | |||||
| Dewey Decimal Classification | Non-fiction | Central Library, University of Rajshahi | Central Library, University of Rajshahi | 10/12/1962 | Zeitlinger | 132.00 | 330.1 SCB V-2 1939 | 01/09/2016 | C-4 | Books | |||||
| Dewey Decimal Classification | Non-fiction | Central Library, University of Rajshahi | Central Library, University of Rajshahi | 05/07/1955 | Falcon publication, Dacca | 30.00 | 330.1 SCB V-1 1939 | 22/09/2016 | C-5 | Books | |||||
| Dewey Decimal Classification | Non-fiction | Central Library, University of Rajshahi | Central Library, University of Rajshahi | 11/10/1955 | Allies books cor. | 78.12 | 330.1 SCB V-2 1939 | 22/09/2016 | C-5 | Books | |||||
| Dewey Decimal Classification | Non-fiction | Central Library, University of Rajshahi | Central Library, University of Rajshahi | 09/11/1961 | N/A | 330.1 SCB V-2 1939 | 22/09/2016 | C-6 | Books |